Uplatňovanie práva na náhradu škody v dôsledku zneužitia súťažného práva EÚ (základné východiská)
Zámer harmonizovať súkromnoprávne vymáhanie súťažného práva ako mimoriadne komplikovaná úloha, ktorá sa podarila naplniť len čiastočne. Poukázanie na prínos smernice 2014/104/EÚ prijatej vo viacerých členských štátoch EÚ. Náhrada škody a jej výška podľa Súdneho dvora EÚ. Problematické aspekty právne...
Salvato in:
| Autore principale: | |
|---|---|
| Natura: | Capitolo di libro |
| Lingua: | slovacco |
| Soggetti: | |
| Tags: |
Nessun Tag, puoi essere il primo ad aggiungerne!!
|
MARC
| LEADER | 00000naa a2200000 4500 | ||
|---|---|---|---|
| 001 | 0281657 | ||
| 005 | 20220201093035.5 | ||
| 041 | 0 | |a slo | |
| 044 | |a SK | ||
| 245 | 1 | 0 | |a Uplatňovanie práva na náhradu škody v dôsledku zneužitia súťažného práva EÚ (základné východiská) |c Ľubomír Zlocha |
| 520 | |a Zámer harmonizovať súkromnoprávne vymáhanie súťažného práva ako mimoriadne komplikovaná úloha, ktorá sa podarila naplniť len čiastočne. Poukázanie na prínos smernice 2014/104/EÚ prijatej vo viacerých členských štátoch EÚ. Náhrada škody a jej výška podľa Súdneho dvora EÚ. Problematické aspekty právnej úpravy a rozhodovacej praxe súdov. | ||
| 610 | 2 | 0 | |a náhrada škody |
| 610 | 2 | 0 | |a právo súťažné |
| 610 | 2 | 0 | |a právo súkromné |
| 610 | 2 | 0 | |a úpravy právne |
| 610 | 2 | 0 | |a súťaž hospodárska |
| 610 | 2 | 0 | |a súdy |
| 100 | 1 | |a Zlocha, Ľubomír, 1988- | |